Project management (Record no. 176741)
[ view plain ]
| 000 -LEADER | |
|---|---|
| fixed length control field | 00490nam a2200181Ia 4500 |
| 008 - FIXED-LENGTH DATA ELEMENTS--GENERAL INFORMATION | |
| fixed length control field | 210427s2006 xx 000 0 und d |
| 020 ## - INTERNATIONAL STANDARD BOOK NUMBER | |
| International Standard Book Number | 9788126509409 |
| 041 ## - LANGUAGE CODE | |
| Language code of text/sound track or separate title | eng |
| 082 ## - DEWEY DECIMAL CLASSIFICATION NUMBER | |
| Classification number | 005.3068 MANS |
| 100 ## - MAIN ENTRY--PERSONAL NAME | |
| Personal name | Mantel, Samuel J |
| 245 ## - TITLE STATEMENT | |
| Title | Project management |
| Remainder of title | core textbook. |
| 260 ## - PUBLICATION, DISTRIBUTION, ETC. | |
| Place of publication, distribution, etc. | New Delhi |
| Name of publisher, distributor, etc. | Wiley India Pvt Ltd |
| Date of publication, distribution, etc. | 2006 |
| 300 ## - PHYSICAL DESCRIPTION | |
| Extent | xviii,346 |
| 700 ## - ADDED ENTRY--PERSONAL NAME | |
| Personal name | Meredith, Jack R |
| 700 ## - ADDED ENTRY--PERSONAL NAME | |
| Personal name | Shafer, Scott M |
| 700 ## - ADDED ENTRY--PERSONAL NAME | |
| Personal name | Sutton, Margaret M |
| 906 ## - LOCAL DATA ELEMENT F, LDF (RLIN) | |
| a | Budgeting the projec |
| Withdrawn status | Lost status | Source of classification or shelving scheme | Damaged status | Not for loan | Collection code | Home library | Current library | Date acquired | Cost, normal purchase price | Total Checkouts | Full call number | Barcode | Date last seen | Price effective from | Koha item type |
|---|---|---|---|---|---|---|---|---|---|---|---|---|---|---|---|
| Dewey Decimal Classification | MCA | St Aloysius Institute of Management & Information Technology | St Aloysius Institute of Management & Information Technology | 07/04/2021 | 449.00 | 005.3068 MANS | MCA16821 | 05/23/2026 | 04/27/2021 | Book |